[Event "First Saturday 2008 oktober IM"]
[Site "Budapest"]
[Date "2008.10.11"]
[Round "8"]
[White "Szeberenyi, Adam"]
[Black "Werner, Dimo"]
[Result "1/2-1/2"]
[WhiteElo "2310"]
[BlackElo "2328"]
[PlyCount "29"]
[EventDate "2008.10.04"]

1. Nf3 g6 2. g3 Bg7 3. Bg2 e5 4. d3 d6 5. O-O Ne7 6. c4 O-O 7. Nc3 h6 8. Rb1 c6
9. b4 d5 10. cxd5 cxd5 11. Bb2 Be6 12. a3 Nd7 13. Rc1 Rc8 14. Qd2 Nb6 15. h3
1/2-1/2

[Event "First Saturday 2008 oktober IM"]
[Site "Budapest"]
[Date "2008.10.12"]
[Round "9"]
[White "Kislik, Erik Andrew"]
[Black "Szeberenyi, Adam"]
[Result "1/2-1/2"]
[WhiteElo "2278"]
[BlackElo "2310"]
[PlyCount "43"]
[EventDate "2008.10.04"]

1. e4 c5 2. Nf3 d6 3. d4 cxd4 4. Nxd4 Nf6 5. Nc3 a6 6. Rg1 Qb6 7. g4 Nc6 8. Nb3
e6 9. Be3 Qc7 10. Qe2 Be7 11. O-O-O b5 12. g5 Nd7 13. f4 Nb6 14. Bg2 Nc4 15.
Bf2 Bb7 16. Qh5 g6 17. Qg4 Rc8 18. Qe2 Nb4 19. Be1 Qb6 20. Bf2 Qc7 21. Be1 Qb6
22. Bf2 1/2-1/2

[Event "First Saturday 2008 oktober IM"]
[Site "Budapest"]
[Date "2008.10.12"]
[Round "9"]
[White "Parkanyi, Attila"]
[Black "Lengyel, Bela"]
[Result "1/2-1/2"]
[WhiteElo "2361"]
[BlackElo "2309"]
[PlyCount "28"]
[EventDate "2008.10.04"]

1. e4 e5 2. Nf3 Nf6 3. Nxe5 d6 4. Nf3 Nxe4 5. Qe2 Qe7 6. d3 Nf6 7. Bg5 Qxe2+ 8.
Bxe2 Be7 9. Nc3 c6 10. O-O-O O-O 11. Rhe1 Nbd7 12. d4 h6 13. Bh4 Re8 14. Bd3
Kf8 1/2-1/2

[Event "First Saturday 2008 oktober IM"]
[Site "Budapest"]
[Date "2008.10.12"]
[Round "9"]
[White "Bacso, Gabor"]
[Black "Li, Panru"]
[Result "1-0"]
[WhiteElo "2181"]
[BlackElo "2126"]
[PlyCount "71"]
[EventDate "2008.10.04"]

1. d4 d5 2. c4 e6 3. Nc3 Be7 4. Nf3 Nf6 5. g3 O-O 6. Bg2 b6 7. O-O Bb7 8. Ne5
Nbd7 9. cxd5 Nxd5 10. Nxd5 exd5 11. Bf4 Nxe5 12. Bxe5 Bd6 13. Bxd6 Qxd6 14. Qd2
Rfe8 15. e3 Re6 16. Rfc1 Rh6 17. Rc3 c6 18. Rac1 Qg6 19. Qe2 Re8 20. Qf3 Qg5
21. b4 Rf6 22. Qe2 h5 23. a4 h4 24. a5 Qg6 25. Qc2 hxg3 26. hxg3 Qh5 27. Qd1
Qf5 28. Qc2 Qh5 29. Qd1 Qf5 30. Qc2 Qd7 31. b5 c5 32. dxc5 Qxb5 33. axb6 axb6
34. Rb3 Qa5 35. Qb2 Rc8 36. Ra3 1-0